[Event "Collado Villalba op 38th"]
[Site "Collado Villalba"]
[Date "2021.08.29"]
[Round "9"]
[White "Palacios Sanchez, Victor"]
[Black "Mejias Robles, Fermin Vicente"]
[Result "0-1"]
[WhiteElo "1708"]
[BlackElo "1853"]
[PlyCount "92"]
[EventDate "2021.08.21"]
[EventType "swiss"]
[EventRounds "9"]
[EventCountry "ESP"]
[SourceTitle "EXT 2022"]
[Source "ChessBase"]
[SourceDate "2021.10.06"]
[SourceVersion "1"]
[SourceVersionDate "2021.10.06"]
[SourceQuality "1"]

1. e4 e6 2. b3 c5 3. Bb2 Nc6 4. f4 d5 5. e5 h5 6. Nf3 h4 7. d4 Qb6 8. c3 Bd7 9. Bd3 cxd4 10. cxd4 Nb4 11. Be2 Bb5 12. Nc3 Bxe2 13. Qxe2 a6 14. Na4 Qb5 15. a3 Nd3+ 16. Kd2 Nxb2 17. Qxb5+ axb5 18. Nxb2 Ne7 19. Rhc1 Nc6 20. b4 Be7 21. Ke3 Kd7 22. Nd3 b6 23. f5 Ra7 24. Nf4 Rha8 25. fxe6+ fxe6 26. Nxe6 Rxa3+ 27. Rxa3 Rxa3+ 28. Kf4 Nxb4 29. Rc7+ Kxe6 30. Ng5+ Bxg5+ 31. Kxg5 Rd3 32. Rxg7 Rxd4 33. Rg6+ Kxe5 34. Rxb6 Rd2 35. Kxh4 Rxg2 36. Kh3 Rg8 37. Rxb5 Nd3 38. Kh4 Ke4 39. h3 d4 40. Kh5 Nf4+ 41. Kh4 Nd5 42. Kh5 d3 43. Kh4 d2 44. Rb1 Kd3 45. Ra1 Ke2 46. Ra5 Rh8+ 0-1

[Event "Collado Villalba op 38th"]
[Site "Collado Villalba"]
[Date "2021.08.25"]
[Round "5"]
[White "Unciti Juan, Javier"]
[Black "Mejias Robles, Fermin Vicente"]
[Result "1/2-1/2"]
[WhiteElo "2052"]
[BlackElo "1853"]
[PlyCount "91"]
[EventDate "2021.08.21"]
[EventType "swiss"]
[EventRounds "9"]
[EventCountry "ESP"]
[SourceTitle "CBM 204 Extra"]
[Source "ChessBase"]
[SourceDate "2021.11.30"]
[SourceVersion "1"]
[SourceVersionDate "2021.11.30"]
[SourceQuality "1"]

1. d4 e6 2. Nc3 d5 3. e4 Nf6 4. Bg5 Be7 5. e5 Nfd7 6. Bxe7 Qxe7 7. f4 h6 8. Nf3 c5 9. dxc5 Qxc5 10. Qd4 Nc6 11. Qxc5 Nxc5 12. Ne2 b6 13. Ned4 Nxd4 14. Nxd4 Bd7 15. Be2 Ke7 16. 0-0 g6 17. Kf2 h5 18. Ke3 Rhc8 19. Rfc1 Na4 20. Rab1 b5 21. c3 Rc7 22. g3 Rac8 23. Rf1 Nb6 24. Rf2 Bc6 25. Rd1 Bb7 26. h3 Nc4+ 27. Bxc4 Rxc4 28. a3 Bc6 29. Rdf1 Bd7 30. g4 hxg4 31. hxg4 Rh8 32. f5 exf5 33. gxf5 Bxf5 34. Nxf5+ gxf5 35. Rxf5 Re4+ 36. Kd3 Rh3+ 37. Kc2 Rh7 38. R1f2 a5 39. Rf6 Rxe5 40. Rb6 d4 41. cxd4 Rd5 42. Kd3 Rh4 43. Re2+ Kf8 44. Re4 Rh3+ 45. Re3 Rh4 46. Re4 1/2-1/2

[Event "Collado Villalba op-A 36th"]
[Site "Collado Villalba"]
[Date "2019.08.30"]
[Round "8"]
[White "Rodriguez Yague, Fermin"]
[Black "Mejias Robles, Fermin Vicente"]
[Result "0-1"]
[WhiteElo "1639"]
[BlackElo "1935"]
[PlyCount "114"]
[EventDate "2019.08.23"]
[EventType "swiss"]
[EventRounds "9"]
[EventCountry "ESP"]
[SourceTitle "CBM 192 Extra"]
[Source "Chessbase"]
[SourceDate "2019.11.06"]
[SourceVersion "1"]
[SourceVersionDate "2019.11.06"]
[SourceQuality "1"]

1. e4 e5 2. Nc3 Nf6 3. f4 d6 4. Bc4 Nc6 5. Nf3 Bg4 6. Bb5 Be7 7. 0-0 0-0 8. h3 Bxf3 9. Qxf3 Nd4 10. Qd1 c6 11. Be2 exf4 12. Rxf4 Nd7 13. d3 Bf6 14. Bh5 Be5 15. Rf1 Qe7 16. Bf4 f6 17. Bxe5 fxe5 18. Rxf8+ Rxf8 19. Ne2 Qg5 20. Nxd4 Qe3+ 21. Kh1 exd4 22. Qe1 Qg5 23. Qe2 Ne5 24. c3 c5 25. Bg4 Nxg4 26. Qxg4 Qxg4 27. hxg4 dxc3 28. bxc3 Rf2 29. Rd1 Rxa2 30. d4 cxd4 31. Rxd4 Ra6 32. Kh2 Kf7 33. Rb4 b6 34. Rc4 b5 35. Rc7+ Kf6 36. Kg3 Ra3 37. g5+ Kxg5 38. Rxg7+ Kf6 39. Rb7 a6 40. Kf4 Ke6 41. Rb6 Rxc3 42. Rxa6 h6 43. g4 b4 44. Rb6 Rc4 45. Rb5 Kd7 46. Ke3 Kc6 47. Rb8 Kc5 48. Rc8+ Kb5 49. Rb8+ Ka4 50. Ra8+ Kb3 51. Rh8 Kc2 52. Rxh6 b3 53. g5 b2 54. Rh2+ Kb3 55. Rxb2+ Kxb2 56. g6 Kc3 57. g7 Rc8 0-1